=LDR 00000nam 2200000 4500 =001 INLIS000000000007862 =005 20130612095810 =008 ***********************************Ind** =035 ##$$0010-061300000007862 =041 ##$$a Ind =082 ##$$a 789 =090 ##$$a 789, Min m =100 ##$$a Maesono, Angga Dewi =245 ##$$a minat remaja pada musik disko propil remaja pengunjung diskotik, Angga Dewi Maesono...[et.al] =260 ##$$a 1995 $b Jakarta =300 ##$$a vii, 159 hlm, ilus, 21 cm =650 ##$$a Musik-Disko